[Event "Challenge"]
[Site "http://www.queenalice.com/game.php?id=467949"]
[Date "2008.9.24"]
[Round "-"]
[White "EternalChess"]
[Black "pablorodero"]
[Result "0-1"]
[WhiteElo "1386"]
[BlackElo "1394"]

1. d4 d5 2. Nc3 e6 3. a3 Nf6 4. h3 Bd6 5. Nf3 O-O 6. g4 c6 7. b4 b6 8. Ne5 Na6
9. Nxc6 Qc7 10. b5 Nb8 11. e3 Nxc6 12. bxc6 Qxc6 13. Nb5 a6 14. Nxd6 Qxd6 15. h4
Qc6 16. Qd3 Nxg4 17. Qe2 Qc3+ 18. Kd1 Qxa1 19. Qxg4 Qc3 20. Rg1 g6 21. h5 e5 22.
Qh4 exd4 23. hxg6 fxg6 24. Qh6 Rxf2 25. Rh1 Qxc2+ 26. Ke1 Rf7 27. Bd2 Qe4 28.
Rh4 Qb1+ 29. Ke2 Qxf1# 0-1

[Event "Challenge"]
[Site "http://www.queenalice.com/game.php?id=467950"]
[Date "2008.9.24"]
[Round "-"]
[White "ingridcardoso"]
[Black "pablorodero"]
[Result "0-1"]
[WhiteElo "1469"]
[BlackElo "1425"]

1. e4 e5 2. Nf3 d6 3. d4 Nc6 4. Bb5 a6 5. Bxc6+ bxc6 6. dxe5 Bg4 7. O-O dxe5 8.
Qd3 Qf6 9. Nbd2 Bc5 10. b4 Bxb4 11. Kh1 Ne7 12. c3 Rd8 13. Qe2 Bxc3 14. Rb1 a5
15. Nc4 h5 16. h3 Be6 17. Ncxe5 Bxe5 18. Nxe5 Qxe5 19. f4 Qd6 20. Rd1 Qc5 21.
Bb2 Bxa2 22. Rxd8+ Kxd8 23. Rd1+ Ke8 24. Bxg7 Rg8 25. Bf6 a4 26. f5 a3 27. Qxh5
Bb3 28. Ra1 a2 29. Bxe7 Qxe7 30. Qf3 Qa3 31. Qc3 Qa4 32. e5 Rg5 33. e6 fxe6 34.
Qh8+ Kd7 35. Qh7+ Kd6 36. fxe6 Kxe6 37. Qh6+ Kf5 38. Rf1+ Ke4 39. Qh4+ Kd3 40.
Qxg5 a1=Q 41. Qf5+ Kc4 42. Rxa1 Qxa1+ 43. Kh2 c5 44. Qe4+ Kb5 45. Qd3+ c4 46.
Qd5+ Kb4 47. Qb7+ Kc3 48. Qxc7 Qe1 49. g4 Kb2 50. g5 Qe8 51. Qg3 c3 52. g6 c2
53. Qg2 Qe6 54. g7 Qg8 55. h4 Bd5 56. Qg1 c1=Q 0-1

[Event "Challenge"]
[Site "http://www.queenalice.com/game.php?id=467952"]
[Date "2008.9.24"]
[Round "-"]
[White "pawnforme"]
[Black "pablorodero"]
[Result "1-0"]
[WhiteElo "1604"]
[BlackElo "1410"]

1. Nf3 d5 2. d4 e6 3. Nc3 Bb4 4. Bd2 Nf6 5. a3 Bd6 6. e3 O-O 7. Bd3 c6 8. O-O
Ng4 9. e4 e5 10. dxe5 Nxe5 11. Nxe5 Bxe5 12. f4 Bd4+ 13. Kh1 dxe4 14. Bxe4 b5
15. Qf3 Ba6 16. Rfd1 Nd7 17. Bxc6 Rc8 18. Be1 Nb8 19. Be4 Qf6 20. Bxh7+ Kxh7 21.
Qe4+ Kg8 22. Qxd4 Qc6 23. Qf2 Rfe8 24. Qg3 Nd7 25. Bf2 Nf6 26. Rac1 Nh5 27. Qg5
Nf6 28. Bd4 Kf8 29. Bxf6 gxf6 30. Qh6+ Ke7 31. Re1+ Kd7 32. Rxe8 Rxe8 33. Qh3+
Kd8 34. Rd1+ Ke7 35. Nd5+ Kd6 36. Nxf6+ Kc7 37. Nxe8+ Qxe8 38. Qg3 Kb6 39. h3
Qe2 40. Rd6+ Ka5 41. Qc3+ b4 42. Qxb4# 1-0

[Event "Challenge"]
[Site "http://www.queenalice.com/game.php?id=470841"]
[Date "2008.9.30"]
[Round "-"]
[White "esteban"]
[Black "pablorodero"]
[Result "1-0"]
[WhiteElo "1616"]
[BlackElo "1443"]

1. e4 e5 2. Nf3 d6 3. d4 exd4 4. Nxd4 Nf6 5. Nc3 c5 6. Nb3 Nc6 7. Nd5 Nxe4 8.
Qf3 f5 9. Bd3 Ne5 10. Qf4 c4 11. Bxe4 fxe4 12. Nd4 Qa5+ 13. Nc3 b5 14. Qxe4 Rb8
15. Nc6 Qb6 16. Nxb8 Qxb8 17. O-O Be7 18. h3 O-O 19. Qd5+ Nf7 20. Qxb5 Bb7 21.
Qxc4 Qa8 22. f3 d5 23. Qe2 Bc5+ 24. Kh1 d4 25. Na4 Bd6 26. b3 Qb8 27. Bb2 Be5
28. Qd3 Qd6 29. Rfd1 Ba6 30. c4 Qf6 31. Rd2 Qf4 32. Kg1 Bb7 33. Nc5 Bc8 34. Rad1
Qh2+ 35. Kf1 Ng5 36. Rf2 Bg3 37. Qxd4 Qh1+ 38. Ke2 Re8+ 39. Kd2 Qh2 40. Qxg7#
1-0

[Event "Challenge"]
[Site "http://www.queenalice.com/game.php?id=481243"]
[Date "2008.10.22"]
[Round "-"]
[White "jolomol"]
[Black "pablorodero"]
[Result "1-0"]
[WhiteElo "1910"]
[BlackElo "1427"]

1. e4 e5 2. Nc3 d6 3. Nf3 Nc6 4. d4 exd4 5. Nxd4 Ne5 6. f4 Nc4 7. Bxc4 Nf6 8.
Qd3 Be7 9. O-O O-O 10. Nd5 Ng4 11. Nxe7+ Qxe7 12. h3 Nf6 13. Nf5 Qe8 14. Bd2 a6
15. Rae1 b5 16. Bb3 Bb7 17. e5 dxe5 18. fxe5 Nd7 19. Qg3 g6 20. Nh6+ Kh8 21. e6
fxe6 22. Bc3+ Nf6 23. Rxf6 Kg7 24. Rf7+ Kxh6 25. Qh4# 1-0

[Event "Desafio"]
[Site "http://www.queenalice.com/game.php?id=482229"]
[Date "2008.10.24"]
[Round "-"]
[White "pablorodero"]
[Black "BBurla"]
[Result "0-1"]
[WhiteElo "1476"]
[BlackElo "1717"]

1. d4 d5 2. Nc3 Nf6 3. e3 Nc6 4. Nf3 Bg4 5. Be2 e6 6. h3 Bxf3 7. Bxf3 Bb4 8. O-O
Bxc3 9. bxc3 O-O 10. Ba3 Re8 11. Qd3 a6 12. Rab1 b5 13. h4 e5 14. g4 e4 15. Qd1
exf3 16. Qxf3 Ne4 17. Bc1 Nxc3 18. Rb3 Nxa2 19. Ba3 Na5 20. Rb2 Nc3 21. Bb4 Nc4
22. Rb3 Nd2 23. Qf5 Nxf1 24. Bxc3 Nxe3 25. Qf3 Nxc2 26. g5 Ne1 27. Bxe1 Rxe1+
28. Kg2 Qe8 29. Qxd5 c6 30. Qf5 Rd8 31. Rg3 Rxd4 32. h5 b4 33. g6 fxg6 34. hxg6
h6 35. Qc2 Re2 36. Qb3+ Kh8 37. Qf7 Qxf7 38. gxf7 Rd8 39. Rd3 Rf8 40. Rd7 b3 41.
Rb7 g5 42. Kg3 b2 43. Rxb2 Rxb2 44. f3 Rxf7 0-1

[Event "Challenge"]
[Site "http://www.queenalice.com/game.php?id=484246"]
[Date "2008.10.28"]
[Round "-"]
[White "Tvz"]
[Black "pablorodero"]
[Result "0-1"]
[WhiteElo "1401"]
[BlackElo "1434"]

1. e4 e5 2. Nf3 d6 3. Nc3 Nf6 4. Bc4 Nc6 5. Qe2 Be7 6. Ng5 Nb4 7. Bb3 O-O 8. Qd1
Nxe4 9. Ngxe4 d5 10. a3 Nc6 11. Bxd5 Nd4 0-1

[Event "Challenge"]
[Site "http://www.queenalice.com/game.php?id=489214"]
[Date "2008.11.7"]
[Round "-"]
[White "Luke1416"]
[Black "pablorodero"]
[Result "0-1"]
[WhiteElo "1505"]
[BlackElo "1458"]

1. e4 e5 2. Nf3 d6 3. h3 Nf6 4. d3 c5 5. Bg5 Be7 6. Bxf6 Bxf6 7. Be2 O-O 8. c4
Qb6 9. b3 Qb4+ 10. Nbd2 Be6 11. O-O Nc6 12. a3 Qb6 13. Qc2 Qd8 14. Rfb1 Ne7 15.
b4 cxb4 16. axb4 a6 17. b5 a5 18. g4 Ng6 19. Rb2 Nf4 20. Kh2 Nxe2 21. Re1 Nf4
22. Nf1 a4 23. Ng3 Bh4 24. d4 Bxg3+ 25. fxg3 a3 26. Ra2 exd4 27. Qc1 Nd3 28. Qg5
Nxe1 29. Nxe1 Qxg5 30. Nf3 Qe3 31. Nh4 Bxc4 32. Rc2 Bxb5 33. Ng2 Qxe4 34. Rf2
Bc6 35. g5 d3 36. Nf4 Qd4 37. Rd2 Qb2 38. Rxb2 axb2 39. Nxd3 b1=Q 40. h4 Qxd3
41. Kh3 Ra3 42. Kh2 Qxg3# 0-1

[Event "Challenge"]
[Site "http://www.queenalice.com/game.php?id=517325"]
[Date "2009.1.5"]
[Round "-"]
[White "aldebaran"]
[Black "pablorodero"]
[Result "1-0"]
[WhiteElo "1691"]
[BlackElo "1458"]

1. d4 d5 2. Nf3 e6 3. e3 Bb4+ 4. c3 Bd6 5. Bd3 Nf6 6. Nbd2 O-O 7. O-O Ng4 8. h3
Nh6 9. e4 c6 10. e5 Be7 11. Re1 c5 12. Nf1 cxd4 13. Bxh6 gxh6 14. Qd2 dxc3 15.
Qxh6 Kh8 16. Qxh7# 1-0

[Event "Challenge"]
[Site "http://www.queenalice.com/game.php?id=527793"]
[Date "2009.1.23"]
[Round "-"]
[White "macielxadrez"]
[Black "pablorodero"]
[Result "1-0"]
[WhiteElo "1917"]
[BlackElo "1476"]

1. d4 d5 2. c4 c6 3. cxd5 Qxd5 4. Nc3 Qc4 5. e3 Qb4 6. Nf3 Bg4 7. Be2 e6 8. O-O
Bd6 9. Bd2 Qb6 10. h3 Bf5 11. b3 Nf6 12. Nh4 O-O 13. Nxf5 exf5 14. Bd3 f4 15.
Na4 Qc7 16. e4 b5 17. Nc3 Bb4 18. Nxb5 cxb5 19. Bxb4 a5 20. Bxf8 Kxf8 21. Qf3
Nc6 22. e5 Nxd4 23. Qxa8+ Ne8 24. Rac1 Qxe5 25. Rfe1 Qg5 26. Rxe8# 1-0

[Event "Challenge"]
[Site "http://www.queenalice.com/game.php?id=559133"]
[Date "2009.3.20"]
[Round "-"]
[White "Luke1416"]
[Black "pablorodero"]
[Result "1-0"]
[WhiteElo "1654"]
[BlackElo "1449"]

1. e4 e5 2. d3 d6 3. h3 Nf6 4. Bg5 Be7 5. Bxf6 Bxf6 6. Nc3 O-O 7. Nf3 Nc6 8. a3
b6 9. b4 a6 10. Nd5 b5 11. Be2 Be6 12. Nxf6+ Qxf6 13. c4 bxc4 14. dxc4 Qf4 15.
Qd3 Qf6 16. g4 a5 17. bxa5 Nxa5 18. Qc3 Qf4 19. Qc2 Ra6 20. c5 d5 21. Bxa6 dxe4
22. Qd2 Nb3 23. Qxf4 exf4 24. Ng5 Bd5 25. Rd1 c6 26. Bb7 Nxc5 27. Bxc6 Bxc6 28.
O-O Ba4 29. Rd4 Bc6 30. f3 e3 31. Rxf4 e2 32. Re1 Nd3 33. Rxe2 Nxf4 34. Rc2 Bb5
35. Ne4 Nxh3+ 36. Kh2 Nf4 37. Nd6 Bd3 38. Rd2 Ra8 39. Kg3 g5 40. Ra2 h5 41. gxh5
Nxh5+ 42. Kg4 Bb1 43. Ra1 Bd3 44. Kxh5 Kg7 45. Kxg5 f6+ 46. Kf4 Ra4+ 47. Ke3 Bg6
48. Nb5 Ra6 49. a4 Re6+ 50. Kf2 f5 51. a5 Ra6 52. Nc7 Ra7 53. Nd5 Bf7 54. Nb4
Bc4 55. Ke3 1-0

[Event "Challenge"]
[Site "http://www.queenalice.com/game.php?id=578155"]
[Date "2009.4.26"]
[Round "-"]
[White "Tvz"]
[Black "pablorodero"]
[Result "1-0"]
[WhiteElo "1481"]
[BlackElo "1470"]

1. e3 e5 2. Bd3 d5 3. e4 Nc6 4. Nc3 Nf6 5. exd5 Nxd5 6. Nf3 Bg4 7. O-O Bc5 8.
Qe1 O-O 9. Qe4 Nf6 10. Qc4 Qe7 11. h3 Be6 12. Qh4 h6 13. b3 Rad8 14. Be4 Nb4 15.
Nxe5 Nxc2 16. Bxc2 Qd6 17. d4 Bxd4 18. Qg3 Bxe5 19. f4 Nh5 20. Qh4 Bxc3 21. Rb1
Bd4+ 22. Kh2 Nf6 23. Bd2 Bc5 24. Bc3 Nd5 25. Bb2 Nb4 26. Qg3 f6 27. Be4 Nxa2 28.
Qg6 f5 29. Qxg7# 1-0

[Event "Challenge"]
[Site "http://www.queenalice.com/game.php?id=635872"]
[Date "2009.8.13"]
[Round "-"]
[White "carolsoy"]
[Black "pablorodero"]
[Result "1-0"]
[WhiteElo "1429"]
[BlackElo "1466"]

1. d4 d5 2. Nf3 e6 3. Nc3 Nf6 4. e3 Nc6 5. Bb5 a6 6. Bxc6+ bxc6 7. O-O Bd6 8. h3
O-O 9. Re1 Nh5 10. Ne5 Bxe5 11. Qxh5 a5 12. Qxe5 Ba6 13. e4 Qe7 14. exd5 cxd5
15. Nxd5 Qd8 16. Nxc7 f6 17. Qxe6+ Kh8 18. Nxa8 Qxa8 19. b3 Bc8 20. Qd6 Bb7 21.
Ba3 Rd8 22. Qg3 Rxd4 23. Re7 g6 24. Bb2 Rd2 25. Bxf6+ Kg8 26. Rae1 Rxc2 27. Re8+
Qxe8 28. Rxe8+ Kf7 29. Re7+ Kxf6 30. Qe5# 1-0

[Event "Challenge"]
[Site "http://www.queenalice.com/game.php?id=635876"]
[Date "2009.8.13"]
[Round "-"]
[White "Jimbo48"]
[Black "pablorodero"]
[Result "1-0"]
[WhiteElo "1832"]
[BlackElo "1466"]

1. e4 e5 2. Nf3 d6 3. Nc3 Nf6 4. d3 Be7 5. Be2 O-O 6. O-O c5 7. b3 Qa5 8. Bb2
Nc6 9. Nd5 Nxd5 10. exd5 Nb4 11. c4 Bg4 12. Qd2 Bxf3 13. Bxf3 Qd8 14. a3 Bg5 15.
Qe2 Na6 16. Bc3 Qb6 17. Rab1 Nc7 18. b4 cxb4 19. Bxb4 Qa6 20. Qe4 b5 21. Qg4 f6
22. Be4 f5 23. Bxf5 h6 24. cxb5 Nxb5 25. Bd7 Nd4 26. Bc3 Rf4 27. Qh5 Qxd3 28.
Bxd4 Qxd4 29. Be6+ Kh7 30. Rb7 Raf8 31. Rf7 Rh4 32. Bf5+ Kg8 33. Rxg7+ Kh8 34.
Qg6 Rg8 35. Qh7# 1-0

[Event "Challenge"]
[Site "http://www.queenalice.com/game.php?id=708795"]
[Date "2010.1.5"]
[Round "-"]
[White "macielxadrez"]
[Black "pablorodero"]
[Result "1-0"]
[WhiteElo "2023"]
[BlackElo "1435"]

1. d4 d5 2. c4 Nf6 3. e3 e6 4. Nf3 Bd6 5. Nc3 O-O 6. Bd3 Nc6 7. O-O Nb4 8. Be2
dxc4 9. e4 c5 10. e5 cxd4 11. Qxd4 Nc2 12. Qxc4 Nxa1 13. exf6 Qxf6 14. Bg5 Qf5
15. Rxa1 Qc2 16. Rb1 e5 17. Bd3 Qxb1+ 18. Bxb1 Be6 19. Qd3 Rad8 20. Qxh7# 1-0

[Event "Challenge"]
[Site "http://www.queenalice.com/game.php?id=756545"]
[Date "2010.4.5"]
[Round "-"]
[White "pablorodero"]
[Black "macielxadrez"]
[Result "0-1"]
[WhiteElo "1424"]
[BlackElo "2025"]

1. e4 c5 2. d3 Nf6 3. Be3 Nc6 4. Bxc5 Qa5+ 5. b4 Nxb4 6. Bxb4 Qxb4+ 7. c3 Qb2 8.
Nd2 Qxc3 9. Rc1 Qa5 10. Nf3 e6 11. Be2 Be7 12. O-O O-O 13. Qc2 b5 14. Nb3 Qb6
15. e5 Nd5 16. Nfd4 Bb7 17. Bf3 Ba3 18. Rb1 Rac8 19. Qd2 Bb4 20. Qg5 f6 21. Qh4
fxe5 22. Ne2 Be7 23. Qh5 Rf5 24. Qg4 Nf6 25. Qh4 Bxf3 26. gxf3 Rxf3 27. Nd2 Rxd3
28. Ne4 Nxe4 29. Qxe4 Rd5 30. Rb3 a6 31. Rh3 g6 32. Nc3 Rd4 33. Qe3 Rg4+ 34. Kh1
Qxe3 35. fxe3 Rxc3 36. Rhf3 Rc2 37. Rf7 Rgg2 38. Rxe7 Rxh2+ 39. Kg1 Rcg2# 0-1

[Event "Challenge"]
[Site "http://www.queenalice.com/game.php?id=791626"]
[Date "2010.6.17"]
[Round "-"]
[White "norbertokruger"]
[Black "pablorodero"]
[Result "1-0"]
[WhiteElo "1563"]
[BlackElo "1435"]

1. e4 e5 2. Nf3 d6 3. Bb5+ Bd7 4. Nc3 c6 5. Bc4 Nf6 6. O-O Bg4 7. h3 Bh5 8. g4
Bg6 9. d3 Be7 10. Nh4 b5 11. Bb3 O-O 12. f4 c5 13. f5 b4 14. fxg6 hxg6 15. Nxg6
Re8 16. g5 Nfd7 17. Bxf7+ Kh7 18. Qh5# 1-0